Loading...
| Fine Arts - Visual | 3 | 6 | 0 | 3 | 105 | 48 | 94.89 | 3 | 9 | 0.00 | 0.00 |
| Beliefs | 3 | 7 | 3 | 3 | 100 | 52 | 105.30 | 4 | 9 | 0.00 | 0.00 |
| Literature - European | 4 | 4 | 0 | 0 | 100 | 43 | 72.63 | 4 | 8 | 0.00 | 0.00 |
| Literature - American | 3 | 5 | 0 | 2 | 95 | 47 | 82.00 | 6 | 7 | 0.00 | 0.00 |
| History - World | 2 | 6 | 0 | 4 | 90 | 56 | 102.75 | 4 | 7 | 0.00 | 0.00 |
| Science - Biology | 3 | 3 | 1 | 0 | 70 | 43 | 82.50 | 5 | 6 | 0.00 | 0.00 |
| Philosophy | 2 | 5 | 2 | 0 | 70 | 14 | 77.86 | 5 | 6 | 0.00 | 0.00 |
| Social Science | 1 | 4 | 1 | 3 | 50 | 24 | 100.40 | 2 | 4 | 0.00 | 0.00 |
| Fine Arts - Auditory | 2 | 3 | 3 | 0 | 45 | 57 | 77.60 | 2 | 5 | 0.00 | 0.00 |
| History - European | 1 | 4 | 3 | 0 | 40 | 46 | 76.40 | 1 | 5 | 0.00 | 0.00 |
| Literature - British | 2 | 2 | 2 | 1 | 40 | 38 | 95.00 | 1 | 4 | 0.00 | 0.00 |
| 0 | 5 | 2 | 1 | 40 | 83 | 97.60 | 3 | 4 | 0.00 | 0.00 | |
| Science - Chemistry | 1 | 4 | 3 | 0 | 40 | 42 | 85.80 | 3 | 4 | 0.00 | 0.00 |
| Other Science: Math | 2 | 1 | 0 | 0 | 40 | 21 | 63.00 | 2 | 3 | 0.00 | 0.00 |
| Other Arts: Auditory | 2 | 1 | 1 | 0 | 35 | 28 | 63.00 | 3 | 3 | 0.00 | 0.00 |
| History - American | 1 | 2 | 1 | 0 | 30 | 49 | 89.67 | 1 | 2 | 0.00 | 0.00 |
| Other Science: Earth Science | 0 | 3 | 0 | 0 | 30 | 90 | 103.00 | 0 | 3 | 0.00 | 0.00 |
| Science - Physics | 1 | 4 | 5 | 0 | 30 | 61 | 82.00 | 3 | 5 | 0.00 | 0.00 |
| Ancient History and Archaeology | 0 | 2 | 0 | 0 | 20 | 100 | 102.00 | 2 | 2 | 0.00 | 0.00 |
| Current Events | 0 | 2 | 0 | 0 | 20 | 65 | 82.00 | 0 | 2 | 0.00 | 0.00 |
| Geography | 1 | 1 | 1 | 0 | 20 | 36 | 57.50 | 2 | 2 | 0.00 | 0.00 |
| Other Arts: Visual | 0 | 2 | 0 | 0 | 20 | 75 | 108.50 | 1 | 1 | 0.00 | 0.00 |
| Other Science: Computer Science | 0 | 2 | 0 | 0 | 20 | 84 | 99.00 | 0 | 2 | 0.00 | 0.00 |
| World and Other Literature | 0 | 2 | 1 | 0 | 15 | 94 | 97.50 | 1 | 2 | 0.00 | 0.00 |
| Other Science: Astronomy | 0 | 1 | 0 | 0 | 10 | 74 | 74.00 | 1 | 1 | 0.00 | 0.00 |
| Other Academic | 0 | 1 | 0 | 0 | 10 | 79 | 79.00 | 1 | 1 | 0.00 | 0.00 |
| British and Commonwealth History | 0 | 0 | 2 | 0 | -10 | 0.00 | 0 | 0 | 0.00 | 0.00 |